|
|
|
|
| LEADER |
00000nam a22000007a 4500 |
| 005 |
20210104233546.0 |
| 007 |
cr|||| |||| |
| 008 |
210104s2019 br |||||s|||| 00||0 por d |
| 020 |
|
|
|a 9788599741085
|
| 035 |
|
|
|a 32532
|
| 040 |
|
|
|a vLex
|
| 090 |
|
|
|c 11046
|d 11046
|
| 100 |
1 |
|
|a Tuffi Saliba, Aziz
|
| 245 |
1 |
0 |
|a Dil̀ogos entre cortes e tribunais internacionais
|h [Recurso electrn̤ico] /
|c Aziz Tuffi Saliba, Lucas Carlos Lima, Juliana De Carvalho Dias
|
| 256 |
|
|
|a Servicio en ln̕ea
|
| 260 |
|
|
|a Belo Horizonte:
|b Initia Via Editora,
|c 2019
|
| 300 |
|
|
|a 1 recurso electrn̤ico
|
| 506 |
1 |
|
|a Disponible solo en los productos indicados
|d vLex Global
|d vLex Global (Academic Edition, excluding Law Schools)
|d vLex Global (U.S. Academic Edition, Law Schools)
|d vLex Global (U.S. Academic Edition, excluding Law Schools)
|d vLex Global (Academic Edition, Law Schools)
|
| 650 |
0 |
4 |
|a Derecho Constitucional
|z Brasil
|
| 650 |
0 |
4 |
|a Derecho Internacional
|z Brasil
|
| 700 |
1 |
|
|a Lima, Lucas Carlos
|
| 700 |
1 |
|
|a De Carvalho Dias, Juliana
|
| 740 |
0 |
|
|a vLex Libros (Servicio en ln̕ea)
|
| 856 |
4 |
0 |
|u http://vlex.com/source/dialogos-entre-cortes-e-tribunais-internacionais-32532
|z Acceso restringido
|
| 942 |
|
|
|c BOOK
|
| 999 |
0 |
|
|a Constitutional Law
|
| 999 |
0 |
|
|a International Law
|